000 00393nam a2200157Ia 4500
005 20240924073044.0
008 240331s9999 xx 000 0 und d
082 _bSto
_a641.4
100 _aUNIFEM
245 0 _aStorage :
_bFood cycle technology source book No..8
260 _aNew York
_bUNIFEM
_c1993
300 _a46 p .,
650 _aWomen
650 _aFood Cycle Technology
942 _cL
999 _c3057
_d3057